Geografia europea con la lettera G - Statistics

Statistiche generali
  • Questo quiz è stato fatto 253 volte
  • Il punteggio medio è 13 su 18
Statistiche sulle risposte
DOMANDA RISPOSTA % Corretto
La nazione in cui si trova la Foresta Nera Germania
96%
Il più grande lago italiano Garda
94%
Una delle repubbliche marinare Genova
94%
La nazione in cui venne fatta per la prima volta la feta Grecia
92%
Vi passa il meridiano fondamentale Greenwich
92%
Una delle nazioni costitutive del Regno Unito Galles
85%
Territorio inglese nella penisola iberica Gibilterra
81%
Nome latino per la Francia Gallia
80%
Vi ha sede il CERN, centro europeo di ricerca nucleare Ginevra
79%
La città scozzese più popolosa Glasgow
79%
La più grande isola europea Gran Bretagna
74%
Città spagnola che fu capitale di un emirato arabo Granada
71%
Promontorio a nord della Puglia Gargano
69%
Regione nord-occidentale della Spagna con una propria lingua Galizia
61%
Seconda città svedese per popolazione Goteborg
55%
Italianizzata è Danzica Gdansk
29%
Una delle più grandi isole del Canale della Manica Guernsey
18%
La più grande isola svedese del Mar Baltico Gotland
12%
Nessun quiz corrispondente trovato
Distribuzione punteggi
Percentuale di utenti per punteggio
Percentile per numero di risposta
I tuoi punteggi nel tempo
Non hai fatto questo quiz